[Event "10th Asia-ch (women)"]
[Site "Kozhikode IND"]
[Date "2003.08.20"]
[Round "4.6"]
[White "Tian Tian"]
[Black "Vijayalakshmi, Subbaraman"]
[Result "0-1"]
[WhiteElo "2300"]
[BlackElo "2435"]
[EventDate "2003.08.17"]
[PlyCount "146"]

1.e4 e5 2.Nf3 Nc6 3.Bc4 Bc5 4.c3 Nf6 5.d3 a6 6.Nbd2 Ba7 7.Bb3 O-O 8.h3 d5 
9.O-O dxe4 10.dxe4 Qe7 11.Qe2 Nh5 12.Qd1 Rd8 13.Bd5 Nf4 14.Nb3 Qf6 15.Bxf4
Qxf4 16.Qc1 Ne7 17.Qxf4 exf4 18.Rad1 Rf8 19.e5 Nxd5 20.Rxd5 Be6 21.Rd2 
Rad8 22.Rfd1 Rxd2 23.Rxd2 h6 24.Nbd4 Bxa2 25.b3 Bxd4 26.Nxd4 Bb1 27.e6 Re8
28.Re2 fxe6 29.Rxe6 Rxe6 30.Nxe6 a5 31.Nxc7 Bc2 32.b4 a4 33.Nb5 Bd3 34.Na3
Kf7 35.f3 Kf6 36.Kf2 Kf5 37.h4 Kg6 38.Ke1 Kh5 39.c4 Kxh4 40.c5 Kg3 41.Kd2 
Bf5 42.b5 Bd7 43.b6 Kxg2 44.Nc4 a3 45.Kc3 a2 46.Kb2 Bb5 47.Ne5 Ba6 48.Nd3 
Kxf3 49.Nb4 Ke4 50.c6 f3 51.c7 f2 52.c8=Q a1=Q+ 53.Kxa1 f1=Q+ 54.Kb2 Qf2+ 
55.Ka3 Qf3+ 56.Kb2 Qe2+ 57.Ka3 g5 58.Qe6+ Kf4 59.Qxh6 Bc4 60.Qf6+ Kg4 61.
Qd4+ Kg3 62.Qg1+ Qg2 63.Qe1+ Kh3 64.Ka4 Qf3 65.Qb1 g4 66.Qh7+ Kg2 67.Qc2+ 
Qe2 68.Qh7 Qe8+ 69.Ka3 Qe3+ 70.Kb2 Qb3+ 71.Kc1 Qxb4 72.Qxb7+ Kf2 73.Qh7 
Qc3+ 0-1

[Event "10th Asia-ch (women)"]
[Site "Kozhikode IND"]
[Date "2003.08.20"]
[Round "4.7"]
[White "Li Ruofan"]
[Black "Meenakshi, Subbaraman"]
[Result "1-0"]
[WhiteElo "2433"]
[BlackElo "2319"]
[EventDate "2003.08.17"]
[PlyCount "79"]

1.e4 c5 2.Nf3 Nc6 3.Bb5 g6 4.Bxc6 dxc6 5.d3 Bg7 6.h3 e5 7.Be3 Qe7 8.Nc3 
Nf6 9.Qd2 h6 10.a3 Nd7 11.O-O Nf8 12.b4 Ne6 13.Na4 b6 14.c3 Ba6 15.Qc2 f5 
16.exf5 gxf5 17.Rfe1 f4 18.Bd2 O-O-O 19.d4 cxd4 20.Nxe5 Bxe5 21.Rxe5 Qf6 
22.Rae1 d3 23.Qd1 Nc7 24.Qg4+ Kb8 25.Qxf4 Qxf4 26.Bxf4 Ka8 27.Bd2 Nb5 28.
Re7 Bb7 29.g4 Rhf8 30.Nb2 Nxa3 31.Rh7 Ba6 32.Ra1 Rde8 33.Rxa3 Re2 34.Rxa6 
Rfxf2 35.Rhxa7+ Kb8 36.Ra8+ Kc7 37.R6a7+ Kd6 38.Rd8+ Ke6 39.Re8+ Kf6 40.
Rf8+ 1-0

[Event "10th Asia-ch (women)"]
[Site "Kozhikode IND"]
[Date "2003.08.20"]
[Round "4.8"]
[White "Prathiba, Yuvarajan"]
[Black "Wang Pin"]
[Result "0-1"]
[WhiteElo "2185"]
[BlackElo "2465"]
[EventDate "2003.08.17"]
[PlyCount "88"]

1.e4 c5 2.Nf3 d6 3.d4 cxd4 4.Nxd4 Nf6 5.Nc3 a6 6.Bg5 e6 7.f4 Qc7 8.Qf3 Nc6
9.O-O-O Be7 10.Be2 Bd7 11.Kb1 O-O-O 12.Nxc6 Bxc6 13.Qe3 h6 14.Bh4 Nxe4 15.
Bxe7 Nxc3+ 16.Qxc3 Qxe7 17.Bxa6 Qc7 18.Bd3 e5 19.fxe5 dxe5 20.Rde1 Rhe8 
21.Rhf1 e4 22.Bc4 f6 23.h4 Kb8 24.Bb3 Qe5 25.Qe3 Rd4 26.a3 Red8 27.Ka2 Rd2
28.g4 Qh2 29.g5 Qxh4 30.gxf6 gxf6 31.Rf4 Qg5 32.Rg1 Qe5 33.Rgf1 R8d3 34.
Qb6 Rf3 35.R4xf3 exf3 36.Rf2 Qd4 37.Qxd4 Rxd4 38.c3 Rg4 39.Rh2 f5 40.Be6 
Rg2 41.Rh5 Be4 42.Bc4 f2 43.Kb3 Rg1 44.Rxh6 Bd5 0-1

[Event "10th Asia-ch (women)"]
[Site "Kozhikode IND"]
[Date "2003.08.20"]
[Round "4.9"]
[White "Sergeeva, Maria"]
[Black "Shen Yang"]
[Result "1-0"]
[WhiteElo "2356"]
[BlackElo "2113"]
[EventDate "2003.08.17"]
[PlyCount "35"]

1.e4 e5 2.Nf3 Nc6 3.Bb5 a6 4.Ba4 Nf6 5.Nc3 b5 6.Bb3 Bc5 7.a4 b4 8.Nd5 Nxe4
9.d4 Bxd4 10.Nxd4 Nxd4 11.Qg4 d6 12.Qxg7 Qh4 13.Be3 Rf8 14.Bxd4 exd4 15.
O-O-O Ra7 16.Rhe1 Bf5 17.g3 Qxh2 18.Nf6+ 1-0

[Event "10th Asia-ch (women)"]
[Site "Kozhikode IND"]
[Date "2003.08.20"]
[Round "4.10"]
[White "Gokhale, Anupama"]
[Black "Huang Qian"]
[Result "0-1"]
[WhiteElo "2253"]
[BlackElo "2313"]
[EventDate "2003.08.17"]
[PlyCount "82"]

1.d4 Nf6 2.c4 g6 3.Nc3 Bg7 4.e4 d6 5.Nf3 O-O 6.Be2 e5 7.d5 a5 8.Bg5 h6 9.
Bh4 Na6 10.Nd2 Bd7 11.O-O Qc8 12.a3 Nh7 13.f3 f5 14.Rb1 Nc5 15.b4 axb4 16.
axb4 Na4 17.Qc2 Nxc3 18.Qxc3 Nf6 19.Bxf6 Bxf6 20.Ra1 Bg5 21.c5 Rxa1 22.
Rxa1 Qd8 23.c6 bxc6 24.dxc6 Be6 25.Bc4 Bxc4 26.Nxc4 fxe4 27.fxe4 d5 28.Ne3
dxe4 29.Qc4+ Kh7 30.Nd5 e3 31.Re1 Qd6 32.h3 h5 33.b5 Bf4 34.Nxe3 Qd2 35.
Qe2 Qd4 36.Kh1 e4 37.Nc2 Qc3 38.Ne3 Bxe3 39.Rf1 Rxf1+ 40.Qxf1 Bb6 41.Qf7+ 
Qg7 0-1

[Event "10th Asia-ch (women)"]
[Site "Kozhikode IND"]
[Date "2003.08.20"]
[Round "4.11"]
[White "Zhang Jilin"]
[Black "Kavitha, J. E."]
[Result "1-0"]
[WhiteElo "2300"]
[BlackElo "2066"]
[EventDate "2003.08.17"]
[PlyCount "81"]

1.e4 c5 2.Nf3 e6 3.d4 cxd4 4.Nxd4 Nc6 5.Nb5 d6 6.c4 Nf6 7.N1c3 a6 8.Na3 
Be7 9.Be2 O-O 10.O-O b6 11.Be3 Ne5 12.f3 Bb7 13.Qb3 Ned7 14.Rfd1 Qc7 15.
Rac1 Rac8 16.Kh1 Qb8 17.Bf1 Bd8 18.Bg1 Bc7 19.Qc2 Kh8 20.b4 Rg8 21.Qb2 g5 
22.Na4 Rg6 23.c5 Bc6 24.Nxb6 Bxb6 25.cxb6 d5 26.Bxa6 Bb7 27.Bxb7 Qxb7 28.
Rxc8+ Qxc8 29.exd5 e5 30.Rc1 Qb7 31.Rc7 Qxd5 32.b7 Rg8 33.Qb3 Qxb3 34.axb3
Kg7 35.Nc4 Re8 36.Rc8 Nb8 37.Rxe8 Nxe8 38.Ba7 Nc6 39.b8=Q Nxb8 40.Bxb8 f6 
41.b5 1-0

[Event "10th Asia-ch (women)"]
[Site "Kozhikode IND"]
[Date "2003.08.20"]
[Round "4.12"]
[White "Shahnaz, Safira"]
[Black "Swathi, Ghate"]
[Result "1/2-1/2"]
[WhiteElo "2120"]
[BlackElo "2299"]
[EventDate "2003.08.17"]
[PlyCount "107"]

1.d4 d5 2.c4 c6 3.Nf3 Nf6 4.Nc3 e6 5.Bg5 h6 6.Bxf6 Qxf6 7.Qb3 g6 8.e4 dxe4
9.Nxe4 Qd8 10.Be2 Nd7 11.O-O Nf6 12.Ng3 Bg7 13.Rad1 O-O 14.Rfe1 Qc7 15.c5 
b6 16.Qc2 Nd5 17.Ne4 Rb8 18.a3 f5 19.cxb6 Qxb6 20.Nd6 Qxb2 21.Qxc6 Kh7 22.
Nxc8 Rbxc8 23.Qxe6 Nf4 24.Qe3 Nd5 25.Qe6 Bf6 26.Nh4 Nc3 27.Rd2 Qxa3 28.Bh5
gxh5 29.Qxf5+ Kh8 30.Ng6+ Kg7 31.Nxf8 Rxf8 32.Qd3 Re8 33.Rxe8 Qc1+ 34.Rd1 
Qxd1+ 35.Qxd1 Nxd1 36.d5 Kf7 37.Re1 Nb2 38.d6 Nc4 39.d7 Nb6 40.Rd1 Bd8 41.
Ra1 Nxd7 42.Rxa7 Ke6 43.Kf1 Nf6 44.Ke2 Kf5 45.Rb7 Kg6 46.f4 h4 47.Kf3 h5 
48.Rb5 Ng4 49.h3 Nh6 50.Ke4 Nf7 51.Rb1 Be7 52.Rb6+ Bf6 53.Ra6 Nh6 54.Ra5 
1/2-1/2

[Event "10th Asia-ch (women)"]
[Site "Kozhikode IND"]
[Date "2003.08.20"]
[Round "4.13"]
[White "Nguyen Thi Thanh An"]
[Black "Tania, Sachdev"]
[Result "0-1"]
[WhiteElo "2335"]
[BlackElo "2206"]
[EventDate "2003.08.17"]
[PlyCount "66"]

1.d4 Nf6 2.c4 e6 3.a3 c5 4.Nf3 cxd4 5.Nxd4 a6 6.Nc3 Qc7 7.e3 Be7 8.Be2 O-O
9.O-O Nc6 10.b3 b6 11.Bb2 Bb7 12.Rc1 Rac8 13.h3 Ne8 14.Bd3 f5 15.Nd5 Qd8 
16.Nxe7+ Qxe7 17.Nxc6 Bxc6 18.Qe2 Qg5 19.f4 Qe7 20.Bd4 Rb8 21.c5 bxc5 22.
Bxc5 d6 23.Bb4 Bd5 24.e4 fxe4 25.Bxe4 Nf6 26.Bc3 a5 27.Bc2 Bxb3 28.Bxb3 
Rxb3 29.f5 e5 30.Qc4+ Qf7 31.Qc6 Qd5 32.Qa4 Qc5+ 33.Kh2 Rxc3 0-1

[Event "10th Asia-ch (women)"]
[Site "Kozhikode IND"]
[Date "2003.08.20"]
[Round "4.14"]
[White "Chandra Hawsa, Koneru"]
[Black "Mohota, Nisha"]
[Result "1/2-1/2"]
[WhiteElo "2193"]
[BlackElo "2321"]
[EventDate "2003.08.17"]
[PlyCount "82"]

1.d4 f5 2.Nc3 d5 3.Bf4 c6 4.Qd2 e6 5.e3 Nf6 6.Bd3 Bd6 7.Nge2 Qc7 8.Bxd6 
Qxd6 9.f4 Nbd7 10.Nd1 Qe7 11.Nf2 Nf8 12.c4 Bd7 13.h3 Ng6 14.g3 O-O 15.O-O 
b6 16.b4 c5 17.bxc5 bxc5 18.Rfc1 Rfc8 19.cxd5 Nxd5 20.e4 fxe4 21.Nxe4 cxd4
22.Nxd4 e5 23.Ne2 Nb6 24.Kh2 Qe6 25.Ng5 Qf6 26.Ne4 Qe7 27.Rxc8+ Rxc8 28.
Rc1 Rxc1 29.Qxc1 Qe6 30.Ng5 Qxa2 31.fxe5 Qd5 32.Qc3 h6 33.Bxg6 hxg5 34.Qc7
Bxh3 35.Kxh3 Qe6+ 36.Kg2 Qxg6 37.Qxa7 Qe4+ 38.Kf2 Qf5+ 39.Ke1 Qb1+ 40.Kf2 
Qf5+ 41.Ke1 Qb1+ 1/2-1/2

[Event "10th Asia-ch (women)"]
[Site "Kozhikode IND"]
[Date "2003.08.20"]
[Round "4.15"]
[White "Saimeera Ravi"]
[Black "Thipsay, Bagyashree Sathe"]
[Result "0-1"]
[WhiteElo "2172"]
[BlackElo "2225"]
[EventDate "2003.08.17"]
[PlyCount "100"]

1.e4 c6 2.d4 d5 3.exd5 cxd5 4.c4 Nf6 5.Nc3 e6 6.Nf3 Bb4 7.cxd5 exd5 8.Bd3 
O-O 9.h3 Re8+ 10.Be3 Ne4 11.Qc2 Bf5 12.O-O Bxc3 13.bxc3 Nc6 14.Bf4 Rc8 15.
Qb2 Qf6 16.Be5 Qe7 17.Rfe1 Bg6 18.Bh2 Qd7 19.Nh4 Nf6 20.Nxg6 hxg6 21.Rab1 
b6 22.Qa3 Rxe1+ 23.Rxe1 Re8 24.Rb1 Na5 25.Qb4 Qe6 26.Bb5 Rc8 27.Ba6 Rd8 
28.Bc7 Rf8 29.Bd6 Ra8 30.Be5 Ne4 31.Re1 Qf5 32.Qb2 Qd7 33.Bb5 Qc8 34.Re3 
Nc4 35.Bxc4 Qxc4 36.f3 Ng5 37.h4 Ne6 38.Qf2 Rc8 39.f4 Qb5 40.Qc2 Qa5 41.
Kh2 b5 42.Rg3 Qd8 43.Rg4 f5 44.Rxg6 Qxh4+ 45.Kg1 Qe1+ 46.Kh2 Rxc3 47.Qb2 
Qh4+ 48.Kg1 Re3 49.g3 Re1+ 50.Kf2 Qh1 0-1

[Event "10th Asia-ch (women)"]
[Site "Kozhikode IND"]
[Date "2003.08.20"]
[Round "4.17"]
[White "Priya, P."]
[Black "Malinicheva, Lidia"]
[Result "1-0"]
[WhiteElo "2091"]
[BlackElo "2126"]
[EventDate "2003.08.17"]
[PlyCount "109"]

1.e4 e6 2.d4 d5 3.exd5 exd5 4.Bd3 Nc6 5.c3 Bd6 6.Qf3 Nce7 7.Ne2 Nf6 8.Bf4 
Bg4 9.Qe3 O-O 10.Bxd6 Qxd6 11.Qg3 Qb6 12.b3 Rfe8 13.O-O Nf5 14.Bxf5 Bxf5 
15.Nf4 Qd6 16.Nd2 Ne4 17.Nxe4 Rxe4 18.Nh5 Qh6 19.f3 Re3 20.Qf4 Qxf4 21.
Nxf4 c6 22.g4 Bd7 23.Rac1 f5 24.Kf2 Rae8 25.g5 Kf7 26.Rfe1 Rxe1 27.Rxe1 
Rh8 28.Kg3 a5 29.Nd3 Be6 30.h4 g6 31.Ne5+ Ke7 32.Rh1 Bf7 33.Re1 Be6 34.Kf4
Kd6 35.Rh1 Rg8 36.h5 gxh5 37.Rxh5 Rg7 38.Rh6 Re7 39.g6 hxg6 40.Nxg6 Re8 
41.Kg5 b6 42.Nf4 c5 43.Rxe6+ Rxe6 44.Nxe6 Kxe6 45.a3 Kd6 46.Kxf5 Kc6 47.
Ke5 b5 48.dxc5 Kxc5 49.f4 a4 50.bxa4 bxa4 51.f5 Kc4 52.f6 Kb3 53.f7 Kxa3 
54.f8=Q+ Kb3 55.Qb4+ 1-0

[Event "10th Asia-ch (women)"]
[Site "Kozhikode IND"]
[Date "2003.08.20"]
[Round "4.18"]
[White "Parveen, Seyda Shabana"]
[Black "Mohota, Swathi"]
[Result "1/2-1/2"]
[WhiteElo "2140"]
[BlackElo "2104"]
[EventDate "2003.08.17"]
[PlyCount "86"]

1.d4 d5 2.Nf3 Nf6 3.g3 Bf5 4.Bg2 e6 5.O-O Nbd7 6.b3 Be7 7.Bb2 h6 8.Nbd2 
O-O 9.c4 c6 10.e3 Re8 11.Ne5 a5 12.a3 Nxe5 13.dxe5 Nd7 14.e4 dxe4 15.Bxe4 
Nc5 16.Bxf5 exf5 17.Qc2 Qd3 18.Qxd3 Nxd3 19.Bc3 b5 20.Nf3 b4 21.axb4 axb4 
22.Bd4 Rxa1 23.Rxa1 g5 24.Kf1 g4 25.Rd1 Nc5 26.Bxc5 Bxc5 27.Nh4 Rxe5 28.
Re1 f6 29.Rxe5 fxe5 30.Nxf5 Kh7 31.Ke2 Kg6 32.Ne3 h5 33.Kd3 Kg5 34.Ke4 Kf6
35.Nd1 Ke6 36.Ne3 Kf6 37.f3 Ke6 38.f4 exf4 39.Kxf4 Bxe3+ 40.Kxe3 Ke5 41.
Kd3 c5 42.Ke3 Kf5 43.Kd3 Ke5 1/2-1/2

[Event "10th Asia-ch (women)"]
[Site "Kozhikode IND"]
[Date "2003.08.20"]
[Round "4.19"]
[White "Lakshmi, Praneetha"]
[Black "Sangeetha, M. R."]
[Result "0-1"]
[WhiteElo "2005"]
[BlackElo "2100"]
[EventDate "2003.08.17"]
[PlyCount "110"]

1.e4 c5 2.Nc3 Nc6 3.f4 g6 4.Nf3 Bg7 5.Be2 d6 6.d3 e6 7.O-O Nge7 8.Be3 Nd4 
9.Qd2 O-O 10.Rae1 f5 11.Bd1 Nec6 12.Ne2 Nxe2+ 13.Rxe2 b6 14.Ree1 h6 15.c3 
Kh7 16.h4 Ne7 17.h5 gxh5 18.Nh4 Bf6 19.Bf2 Nc6 20.g3 Rg8 21.Kh2 fxe4 22.
dxe4 Ba6 23.Rg1 Bxh4 24.gxh4 Qe7 25.Bxh5 Rxg1 26.Rxg1 Rg8 27.Rxg8 Kxg8 28.
Qd1 Kf8 29.Qg4 Qf6 30.Be3 Bd3 31.Bg6 Ke7 32.Qh5 d5 33.Qxh6 Bxe4 34.f5 Ne5 
35.Qh7+ Kd6 36.Bf4 exf5 37.Be8 Ke6 38.Kh3 Bf3 39.Bg5 Bg4+ 40.Kg2 Qf8 41.
Bg6 Nf7 42.Bf4 a6 43.Bh5 Bxh5 44.Qxh5 Qg7+ 45.Kf2 Qg4 46.Qh7 Qxf4+ 47.Kg2 
Qg4+ 48.Kf2 Kf6 49.h5 Qg7 50.Qxg7+ Kxg7 51.Kf3 Kh6 52.Kf4 Nd6 53.b3 Kxh5 
54.Ke5 Kg5 55.Kxd6 f4 0-1

[Event "10th Asia-ch (women)"]
[Site "Kozhikode IND"]
[Date "2003.08.21"]
[Round "5.1"]
[White "Humpy, Koneru"]
[Black "Gu Xiaobing"]
[Result "1-0"]
[WhiteElo "2468"]
[BlackElo "2346"]
[EventDate "2003.08.17"]
[PlyCount "81"]

1.d4 d5 2.Nf3 Nf6 3.c4 e6 4.e3 c5 5.Nc3 Nc6 6.a3 a6 7.cxd5 exd5 8.Be2 Be7 
9.dxc5 Bxc5 10.b4 Ba7 11.Bb2 O-O 12.Na4 Ne4 13.O-O Bg4 14.Rc1 Qe7 15.Qd3 
Rad8 16.Rfd1 Rfe8 17.Nc5 a5 18.h3 Bxf3 19.Bxf3 axb4 20.axb4 Nxb4 21.Qd4 
Qf8 22.Qxb4 Bxc5 23.Qb3 b6 24.Rd3 Qe7 25.Rcd1 Qh4 26.Qc2 Rc8 27.Qe2 h6 28.
Bg4 Rcd8 29.Ba1 Qg5 30.Qb2 f6 31.Qb3 Kh8 32.Rxd5 Rxd5 33.Rxd5 Qh4 34.g3 
Nxg3 35.Qa4 Rf8 36.Kg2 Nh1 37.Qf4 Ra8 38.Bc3 f5 39.Rxf5 Nxf2 40.Rh5 Bxe3 
41.Bxg7+ 1-0

[Event "10th Asia-ch (women)"]
[Site "Kozhikode IND"]
[Date "2003.08.21"]
[Round "5.2"]
[White "Harika, Dronavalli"]
[Black "Xu Yuanyuan"]
[Result "1-0"]
[WhiteElo "2351"]
[BlackElo "2347"]
[EventDate "2003.08.17"]
[PlyCount "93"]

1.d4 d5 2.Nf3 Nf6 3.c4 c6 4.Nc3 dxc4 5.a4 Bf5 6.Nh4 e6 7.Nxf5 exf5 8.e3 
Bd6 9.Bxc4 O-O 10.h3 Ne4 11.Qc2 Qh4 12.g3 Qe7 13.g4 Nxc3 14.bxc3 Qe4 15.
Qxe4 fxe4 16.Rb1 b6 17.f3 exf3 18.O-O Nd7 19.e4 Rae8 20.e5 Bc7 21.Ba3 c5 
22.Rxf3 Re7 23.Rbf1 h6 24.g5 hxg5 25.Bc1 Bxe5 26.dxe5 Nxe5 27.Re3 Kh7 28.
Re2 f6 29.Bxg5 Rfe8 30.Bb5 Nf3+ 31.Rxf3 Rxe2 32.Bxe8 Rxe8 33.Re3 Rxe3 34.
Bxe3 Kg6 35.Bf4 a6 36.Kf2 Kf5 37.Ke3 b5 38.axb5 axb5 39.Bd6 c4 40.Kd4 g5 
41.Kc5 Ke6 42.Bg3 f5 43.Kxb5 Kd5 44.Bf2 f4 45.Bd4 Ke4 46.Kxc4 Kf3 47.Bf6 
1-0

[Event "10th Asia-ch (women)"]
[Site "Kozhikode IND"]
[Date "2003.08.21"]
[Round "5.3"]
[White "Vijayalakshmi, Subbaraman"]
[Black "Li Ruofan"]
[Result "1-0"]
[WhiteElo "2435"]
[BlackElo "2433"]
[EventDate "2003.08.17"]
[PlyCount "109"]

1.c4 Nf6 2.Nc3 e6 3.d4 Bb4 4.f3 c5 5.a3 Ba5 6.dxc5 Bxc3+ 7.bxc3 Qa5 8.e4 
Qxc5 9.a4 d5 10.e5 Nfd7 11.f4 dxc4 12.Ne2 Nc6 13.Ng3 O-O 14.Ne4 Qd5 15.Qf3
Ndxe5 16.fxe5 Nxe5 17.Qe3 b6 18.Qd4 Bb7 19.Nd6 Nd3+ 20.Bxd3 cxd3 21.Qxd5 
Bxd5 22.Kd2 Rfd8 23.Ba3 Rd7 24.Rhb1 Rad8 25.a5 Rxd6 26.Bxd6 Rxd6 27.axb6 
axb6 28.c4 Bxg2 29.c5 Rd7 30.cxb6 g5 31.Ra7 Rd4 32.b7 Bxb7 33.Rbxb7 Rf4 
34.Kxd3 Kg7 35.Ke3 Rf5 36.Rb2 Kg6 37.Rf2 Re5+ 38.Kd2 f6 39.Re2 Rd5+ 40.Ke1
Rd6 41.Rea2 e5 42.R7a6 Rd7 43.Rf2 Rf7 44.Kf1 h5 45.Kg2 g4 46.h3 gxh3+ 47.
Kxh3 Kg5 48.Re6 Rf8 49.Rxe5+ f5 50.Ra5 Rf7 51.Ra4 Rd7 52.Rg2+ Kf6 53.Ra5 
Rd3+ 54.Rg3 Rd1 55.Rf3 1-0

[Event "10th Asia-ch (women)"]
[Site "Kozhikode IND"]
[Date "2003.08.21"]
[Round "5.4"]
[White "Wang Yu"]
[Black "Ramaswamy, Aarthie"]
[Result "1-0"]
[WhiteElo "2357"]
[BlackElo "2316"]
[EventDate "2003.08.17"]
[PlyCount "71"]

1.e4 c5 2.Nc3 Nc6 3.Bb5 Nd4 4.Bc4 e6 5.Nf3 Nf6 6.O-O a6 7.e5 d5 8.exf6 
dxc4 9.fxg7 Bxg7 10.d3 cxd3 11.Qxd3 Bd7 12.Re1 Nxf3+ 13.Qxf3 Bxc3 14.Qxc3 
Rg8 15.Bf4 Bc6 16.Rad1 Qe7 17.Bg3 Rd8 18.Qe5 Rxd1 19.Rxd1 f6 20.Qh5+ Rg6 
21.c4 e5 22.Qf5 Kf7 23.Re1 Kg7 24.h4 Qd7 25.Qc2 Rg4 26.b3 Rd4 27.Qe2 Rd2 
28.Qh5 Rd3 29.Bxe5 fxe5 30.Qg5+ Kf7 31.Rxe5 Qd8 32.Rf5+ Ke6 33.Qg4 Kd6 34.
Rf7 Qe8 35.Qf4+ Ke6 36.Qf6# 1-0

[Event "10th Asia-ch (women)"]
[Site "Kozhikode IND"]
[Date "2003.08.21"]
[Round "5.5"]
[White "Zhao Xue"]
[Black "Ruan Lufei"]
[Result "1-0"]
[WhiteElo "2467"]
[BlackElo "2307"]
[EventDate "2003.08.17"]
[PlyCount "53"]

1.d4 d5 2.c4 c6 3.Nc3 Nf6 4.e3 e6 5.Nf3 Nbd7 6.Qc2 Bd6 7.b3 O-O 8.Bd3 e5 
9.cxd5 cxd5 10.dxe5 Nxe5 11.Nd4 Be6 12.Bb2 Rc8 13.O-O Nfg4 14.Bxh7+ Kh8 
15.h3 Qh4 16.Bf5 b5 17.Qe2 b4 18.Ncb5 Bb8 19.Nxe6 fxe6 20.Bxg4 Nxg4 21.
Qxg4 Qxg4 22.hxg4 e5 23.Rad1 Rc5 24.Nxa7 Re8 25.Rc1 Bxa7 26.Rxc5 Bxc5 27.
Rc1 1-0

[Event "10th Asia-ch (women)"]
[Site "Kozhikode IND"]
[Date "2003.08.21"]
[Round "5.6"]
[White "Wang Pin"]
[Black "Zhang Jilin"]
[Result "0-1"]
[WhiteElo "2465"]
[BlackElo "2300"]
[EventDate "2003.08.17"]
[PlyCount "89"]

1.e4 c5 2.Nf3 d6 3.d4 cxd4 4.Nxd4 Nf6 5.Nc3 a6 6.Be2 e5 7.Nb3 Be7 8.O-O 
O-O 9.Kh1 b6 10.Be3 Bb7 11.f3 Qc7 12.a4 Nc6 13.Qd2 Nb4 14.a5 bxa5 15.Nxa5 
d5 16.exd5 Nbxd5 17.Nxb7 Qxb7 18.Nxd5 Nxd5 19.Rfb1 Rfd8 20.Qc1 Qc7 21.Bd3 
a5 22.Bd2 Nb4 23.Be4 Rab8 24.Qe1 g6 25.Bc3 Rb5 26.Qg3 Qd6 27.Re1 Bf6 28.
Qf2 Qc7 29.Qe2 Rc5 30.f4 Bg7 31.f5 Nd5 32.Bxd5 Rcxd5 33.Rf1 Bh6 34.Rae1 
Qd7 35.Qf3 Qxf5 36.Qxf5 gxf5 37.Rxe5 Rxe5 38.Bxe5 Rd2 39.g3 Rxc2 40.Rxf5 
Rc5 41.g4 Bg7 42.Bd6 Rxf5 43.gxf5 Bxb2 44.Kg2 a4 45.Bc5 0-1

[Event "10th Asia-ch (women)"]
[Site "Kozhikode IND"]
[Date "2003.08.21"]
[Round "5.8"]
[White "Le Kieu Thien Kim"]
[Black "Sergeeva, Maria"]
[Result "1-0"]
[WhiteElo "2316"]
[BlackElo "2356"]
[EventDate "2003.08.17"]
[PlyCount "79"]

1.e4 c5 2.c3 Nf6 3.e5 Nd5 4.d4 cxd4 5.cxd4 e6 6.Nc3 Nxc3 7.bxc3 d6 8.Nf3 
Qc7 9.Bd2 Nd7 10.Qa4 dxe5 11.Nxe5 Bd6 12.Nxd7 Bxd7 13.Bb5 Bxb5 14.Qxb5+ 
Qd7 15.Rb1 b6 16.a4 Rc8 17.O-O Rc6 18.a5 O-O 19.axb6 axb6 20.g3 Rfc8 21.
Ra1 Qd8 22.Rfd1 Be7 23.Ra6 Bf6 24.Rb1 e5 25.Be3 exd4 26.cxd4 Rd6 27.Rxb6 
Rd5 28.Qa6 Bxd4 29.Qxc8 Bxb6 30.Qc6 Bc7 31.Rb7 Be5 32.Ra7 Rd1+ 33.Kg2 Ra1 
34.Bb6 Qf8 35.Bc5 Qb8 36.Re7 Ra8 37.Rxe5 h6 38.Re7 Qd8 39.Qf3 f6 40.Qh5 
1-0

[Event "10th Asia-ch (women)"]
[Site "Kozhikode IND"]
[Date "2003.08.21"]
[Round "5.9"]
[White "Meenakshi, Subbaraman"]
[Black "Shahnaz, Safira"]
[Result "0-1"]
[WhiteElo "2319"]
[BlackElo "2120"]
[EventDate "2003.08.17"]
[PlyCount "119"]

1.c4 e6 2.Nc3 d5 3.cxd5 exd5 4.d4 c6 5.Nf3 Be7 6.g3 Nf6 7.Bg2 Bg4 8.Ne5 
Bh5 9.h3 Nbd7 10.Nd3 O-O 11.O-O Bg6 12.Nf4 Re8 13.Nxg6 hxg6 14.Rb1 Bb4 15.
Qd3 Qe7 16.e3 Nb6 17.a3 Bxc3 18.Qxc3 Nc4 19.Ra1 g5 20.g4 Qd7 21.b3 Nd6 22.
f3 Re7 23.Qe1 Nh7 24.Bd2 Nf8 25.h4 gxh4 26.Qxh4 Rae8 27.Rae1 Qc7 28.Qh2 
Re6 29.Bh3 Qb6 30.Bb4 Nb5 31.Bc5 Qd8 32.a4 Nc7 33.Qf2 b6 34.Ba3 Rh6 35.Qg3
Rhe6 36.f4 c5 37.Bb2 Qe7 38.dxc5 Rxe3 39.Rxe3 Qxe3+ 40.Qxe3 Rxe3 41.cxb6 
axb6 42.Bg2 Rxb3 43.Be5 Na6 44.Bxd5 Rg3+ 45.Kf2 Ra3 46.Rc1 Nc5 47.Ra1 Rxa4
48.Rxa4 Nxa4 49.Ke3 Nd7 50.Bd6 Nac5 51.Bc6 g6 52.Kd4 Kg7 53.Bb5 Ne6+ 54.
Kc4 Nec5 55.Bc6 Kf6 56.Bd5 g5 57.f5 b5+ 58.Kxb5 Nd3 59.Ba3 N7e5 60.Bc4 0-1

[Event "10th Asia-ch (women)"]
[Site "Kozhikode IND"]
[Date "2003.08.21"]
[Round "5.10"]
[White "Thipsay, Bagyashree Sathe"]
[Black "Tian Tian"]
[Result "1-0"]
[WhiteElo "2225"]
[BlackElo "2300"]
[EventDate "2003.08.17"]
[PlyCount "75"]

1.e4 c6 2.d4 d5 3.Nd2 dxe4 4.Nxe4 Nd7 5.Bc4 e6 6.Nf3 Ngf6 7.Nxf6+ Nxf6 8.
O-O Be7 9.Qe2 O-O 10.Rd1 Qb6 11.Bb3 Qc7 12.Ne5 c5 13.Bf4 Qb6 14.c3 cxd4 
15.Rxd4 Qc5 16.Rad1 b5 17.Qf3 Ba6 18.Qh3 Qb6 19.Bc2 Rfd8 20.Nd7 Rxd7 21.
Rxd7 Kf8 22.Qf3 Rc8 23.Be3 Bc5 24.R7d6 Qxd6 25.Rxd6 Bxd6 26.Bxa7 b4 27.Bb3
bxc3 28.bxc3 Be5 29.c4 Bxc4 30.Bxc4 Rxc4 31.g3 Rc7 32.Bb6 Rc8 33.a4 Nd5 
34.a5 Rc3 35.Qe4 Bf6 36.a6 Rc8 37.a7 Nxb6 38.Qb4+ 1-0

[Event "10th Asia-ch (women)"]
[Site "Kozhikode IND"]
[Date "2003.08.21"]
[Round "5.11"]
[White "Swathi, Ghate"]
[Black "Priya, P."]
[Result "1-0"]
[WhiteElo "2299"]
[BlackElo "2091"]
[EventDate "2003.08.17"]
[PlyCount "101"]

1.e4 e5 2.Nf3 Nf6 3.Nxe5 d6 4.Nf3 Nxe4 5.Nc3 Nf6 6.d4 Be7 7.Bd3 O-O 8.h3 
Nc6 9.a3 d5 10.O-O Re8 11.Bf4 a6 12.Re1 h6 13.Qd2 Be6 14.b4 Bd6 15.Bxd6 
Qxd6 16.b5 Ne7 17.bxa6 bxa6 18.Na4 Nd7 19.Qc3 Nf5 20.Ne5 Ne7 21.Re3 Nxe5 
22.Rxe5 Nc6 23.Re2 Nb8 24.Rae1 Nd7 25.Bf5 Re7 26.Qb4 Qxb4 27.axb4 Rae8 28.
Bd3 c6 29.f4 g6 30.g4 f5 31.gxf5 gxf5 32.Bxf5 Kf7 33.Bd3 Kf6 34.Kh2 Nb8 
35.Nc5 Bc8 36.Re5 Rxe5 37.dxe5+ Ke7 38.Rg1 Nd7 39.Rg7+ Kf8 40.Rxd7 Bxd7 
41.Nxd7+ Ke7 42.Nc5 Rb8 43.Nxa6 Rf8 44.Kg3 d4 45.f5 Rg8+ 46.Kf4 Rg2 47.Nc5
Rh2 48.f6+ Kf7 49.Kg3 Rh1 50.Bc4+ Ke8 51.e6 1-0

[Event "10th Asia-ch (women)"]
[Site "Kozhikode IND"]
[Date "2003.08.21"]
[Round "5.12"]
[White "Tania, Sachdev"]
[Black "Gokhale, Anupama"]
[Result "1-0"]
[WhiteElo "2206"]
[BlackElo "2253"]
[EventDate "2003.08.17"]
[PlyCount "62"]

1.d4 Nf6 2.c4 c5 3.d5 b5 4.cxb5 a6 5.b6 d6 6.Nc3 Qxb6 7.e4 g6 8.Nf3 Bg4 9.
Qa4+ Bd7 10.Qc2 Bg7 11.Be2 O-O 12.O-O Bb5 13.a4 Bxe2 14.a5 Bd3 15.Qxd3 Qc7
16.Nd2 Nbd7 17.Qe2 c4 18.Nxc4 Rfc8 19.Ra4 Qb7 20.Be3 Qb3 21.Rfa1 Qb7 22.
Nb6 Nxb6 23.axb6 Nd7 24.Rxa6 Rxa6 25.Qxa6 Qxa6 26.Rxa6 Bxc3 27.bxc3 Rb8 
28.Kf1 f5 29.exf5 gxf5 30.Ke2 Kf7 31.Kd3 e5 1-0

[Event "10th Asia-ch (women)"]
[Site "Kozhikode IND"]
[Date "2003.08.21"]
[Round "5.13"]
[White "Mohota, Nisha"]
[Black "Prathiba, Yuvarajan"]
[Result "1/2-1/2"]
[WhiteElo "2321"]
[BlackElo "2185"]
[EventDate "2003.08.17"]
[PlyCount "80"]

1.d4 e6 2.c4 f5 3.g3 c6 4.Bg2 d5 5.Nf3 Nf6 6.O-O Bd6 7.b3 Qe7 8.Qc2 O-O 9.
Ne5 Ne4 10.e3 Bd7 11.f3 Ng5 12.Bb2 Be8 13.Nd2 Nd7 14.f4 Ne4 15.Nxe4 fxe4 
16.Bh3 Nxe5 17.fxe5 Rxf1+ 18.Rxf1 Bc7 19.cxd5 exd5 20.Qc1 Bh5 21.Ba3 Qg5 
22.Be6+ Kh8 23.Rf4 Qh6 24.Bd7 Rg8 25.Qc5 g5 26.Rf8 Rxf8 27.Qxf8+ Qxf8 28.
Bxf8 Kg8 29.Be7 h6 30.e6 Bg4 31.Kg2 Bf5 32.h3 g4 33.hxg4 Bxg4 34.Bc8 b6 
35.Bh4 h5 36.Be7 Kg7 37.Bd7 Bb8 38.b4 Bc7 39.Bc8 Kg8 40.Bd7 Kg7 1/2-1/2

[Event "10th Asia-ch (women)"]
[Site "Kozhikode IND"]
[Date "2003.08.21"]
[Round "5.14"]
[White "Kavitha, J. E."]
[Black "Karavade, Eesha"]
[Result "1-0"]
[WhiteElo "2066"]
[BlackElo "2218"]
[EventDate "2003.08.17"]
[PlyCount "115"]

1.e4 c5 2.Nf3 d6 3.d4 cxd4 4.Nxd4 Nf6 5.Nc3 a6 6.Be3 e5 7.Nb3 Be6 8.f3 
Nbd7 9.Qd2 b5 10.a4 b4 11.Nd5 Bxd5 12.exd5 Nb6 13.Bxb6 Qxb6 14.a5 Qb7 15.
Bc4 Be7 16.Ra4 Rb8 17.Nc1 Bd8 18.b3 O-O 19.Na2 e4 20.Kd1 Re8 21.Rxb4 Qa7 
22.Rxb8 Qxb8 23.Re1 Qc8 24.Bf1 h6 25.b4 Re5 26.c4 Qb7 27.Kc2 Qa7 28.Nc3 e3
29.Qd3 Qb7 30.Na2 Qa7 31.Kb3 Bc7 32.Nc3 Qb8 33.Ka3 Qa7 34.Nd1 Re8 35.Rxe3 
Rb8 36.Qd2 Qb7 37.Nb2 Nd7 38.Be2 Ne5 39.f4 Nd7 40.Bd1 Kf8 41.Ba4 Bd8 42.
Bc6 Qa7 43.Na4 Bf6 44.Qd3 Kg8 45.g4 Nf8 46.Nb6 Rd8 47.Re4 Ng6 48.Qe3 Ne7 
49.Ba4 Qc7 50.Qe1 Ng6 51.Re8+ Kh7 52.Bc2 Bd4 53.Re7 Qb8 54.Rxf7 Re8 55.Re7
Rxe7 56.Qxe7 Bxb6 57.axb6 Qxb6 58.Qe4 1-0

[Event "10th Asia-ch (women)"]
[Site "Kozhikode IND"]
[Date "2003.08.21"]
[Round "5.15"]
[White "Shen Yang"]
[Black "Chandra Hawsa, Koneru"]
[Result "1-0"]
[WhiteElo "2113"]
[BlackElo "2193"]
[EventDate "2003.08.17"]
[PlyCount "65"]

1.e4 c6 2.d4 d5 3.Nd2 g6 4.e5 Bg7 5.h3 Nh6 6.Ngf3 f6 7.Bd3 Nf7 8.Qe2 Qc7 
9.exf6 Bxf6 10.O-O O-O 11.Re1 Nd7 12.c4 e5 13.dxe5 Ndxe5 14.Bc2 Bd7 15.
cxd5 cxd5 16.Bb3 Rae8 17.Nxe5 Rxe5 18.Qd1 Rxe1+ 19.Qxe1 Re8 20.Qd1 Bc6 21.
Nf3 Kh8 22.Nd4 Qe5 23.Be3 Nd6 24.Rc1 Nf5 25.Nxc6 bxc6 26.Bxa7 Qxb2 27.Rxc6
Bc3 28.Qxd5 Nd4 29.Qf7 Qc1+ 30.Kh2 Nf3+ 31.Qxf3 Be5+ 32.g3 Qh6 33.Be3 1-0